Zoomed in Country Flags #6 - Statistics

General Stats
  • This quiz has been taken 65 times
  • The average score is 8 of 8
Answer Stats
Picture Answer % Correct
France
100%
Japan
100%
Spain
98%
South Africa
97%
Turkey
97%
Greece
93%
Uruguay
90%
Kenya
88%
No matching quizzes found
Score Distribution
Percent of People with Each Score
Percentile by Number Answered
Your Score History
You have not taken this quiz